000 00476cam a2200169 4500500
005 20260405001322.0
041 _afre
042 _adc
100 1 0 _aMichaud, Yves
_eauthor
245 0 0 _aRadar
260 _c2012.
500 _a59
690 _aAllemagne
690 _aIslam
786 0 _nPhilosophie magazine | 62 | 9 | 2012-09-01 | p. 6-6 | 1951-1787
856 4 1 _uhttps://shs.cairn.info/magazine-philosophie-magazine-2012-9-page-6?lang=fr&redirect-ssocas=7080
999 _c2046347
_d2046347